000 00355 a2200157 4500
001 61136
020 _a9783190012312
040 _cAnchieta - Pituba
100 _aSchuh, Hermann
240 1 0 _aBild + wort
_lpor
245 1 0 _aBild + wort
300 _a142
362 0 _a2001
650 4 _aLínguas germânicas (teutônicas) língua alemã
942 _cBK
999 _c61136
_d61136